|
|
|
|
| LEADER |
00000nab a2200000 ar4500 |
| 001 |
vtls009087395 |
| 003 |
SK-MaSNL |
| 005 |
20260303063544.0 |
| 008 |
070816c2007 xo wr|p|||||||000 b|slo |
| 015 |
|
|
|a SNBRB2007/08
|2 snkbucl
|
| 038 |
|
|
|a SNKBUCL
|
| 040 |
|
|
|a SNKBUCL
|b slo
|c SNKBUCL
|e AACR2
|
| 041 |
|
|
|a slo
|
| 044 |
|
|
|a xo
|c SK
|
| 080 |
|
|
|a 908(497.13)
|2 1997
|
| 100 |
1 |
|
|a Václavková, Viera
|4 aut
|9 600913
|
| 245 |
1 |
0 |
|a Tajomstvo jaskyne
|c Viera Václavková
|
| 300 |
|
|
|b Fotogr.
|
| 651 |
|
7 |
|a Korčula (Chorvátsko)
|2 snkbucl
|9 25207
|
| 651 |
|
7 |
|a Mljet (Chorvátsko)
|x reportáže
|2 snsk
|9 1060915
|
| 655 |
|
7 |
|a reportáže
|2 snkbucl
|9 28856
|
| 773 |
0 |
|
|t Život
|g Roč. 57, č. 32 (2007), s. 46-49
|x 0139-6323
|
| 852 |
|
|
|a SNK
|b KIS3GCP
|
| 999 |
|
|
|c 1743521
|d 1745451
|